000 00435cam a2200169ua 4500
020 _c25 sh
041 _aeng
_h
082 _a828.09
_bRID/KE
100 _aRidley, M.R.
245 _aKeat`s craftmanship : A study in poetic development /
_cM R Ridley.
_hTextual Documents
260 _aLondon :
_bMethuen and Co. Ltd ,
_c1963.
300 _a316 ; .
365 _a25 sh
504 _a
942 _cBK
999 _c12542
_d12542